000 00716ngm a2200181 i 4500
001 C2-0344357
003 PPAK
005 20180727222842.0
008 171231s2016 cau|||| ||||| | vleng d
040 _aPPAK
_beng
_cPPAK
_erda
245 1 0 _aPete's dragon
264 1 _aCalifornia :
_bWalt Disney Studios Home Entertainment ,
_c2016
500 _aSummary : For years, Mr. Meacham has told tales of the fierce dragon deep in the woods. To his daughter, Grace, these stories are little more than tall tales, until she meets Pete. Pete is a mysterious ten-year-old with no family who claims
700 _eauthor
700 1 _aLowery, David,
_ecompile
700 1 _aChurgin, Lisa Zeno,
_eeditor
942 _2ddc
_cDVD
999 _c168094
_d168094